|
|
|
|
| LEADER |
01129nam a2200313 a 4500 |
| 001 |
28630 |
| 003 |
BD-DhAAL |
| 005 |
20141125105403.0 |
| 008 |
141125r20021992nyu 000 1 eng |
| 010 |
|
|
|a 2001053613
|
| 020 |
|
|
|a 0446679208 (pbk.)
|
| 040 |
|
|
|a DLC
|c DLC
|d DLC
|d BD-DhAAL
|
| 043 |
|
|
|a e-uk-en
|
| 050 |
0 |
0 |
|a PR6060.A467
|b C48 2002
|
| 082 |
0 |
0 |
|a 823/.914
|2 21
|
| 100 |
1 |
|
|a James, P. D.
|9 6209
|
| 245 |
1 |
4 |
|a The children of men /
|c P.D. James.
|
| 260 |
|
|
|a New York :
|b Warner Books,
|c c1992 (2002 printing).
|
| 300 |
|
|
|a 302 p.
|c 21 cm.
|
| 541 |
|
|
|e 28630
|
| 650 |
|
0 |
|a End of the world
|v Fiction.
|9 6210
|
| 650 |
|
0 |
|a Infertility, Male
|v Fiction.
|9 6211
|
| 650 |
|
0 |
|a Twenty-first century
|v Fiction.
|9 6212
|
| 650 |
|
0 |
|a History teachers
|v Fiction.
|9 6213
|
| 651 |
|
0 |
|a Oxford (England)
|v Fiction.
|9 6214
|
| 655 |
|
7 |
|a Science fiction.
|2 gsafd
|9 6113
|
| 942 |
|
|
|2 ddc
|c BK
|
| 999 |
|
|
|c 33123
|d 33123
|
| 952 |
|
|
|0 0
|1 0
|2 ddc
|4 0
|6 823_914000000000000_JAM
|7 0
|9 44212
|a BRACUL
|b BRACUL
|c GEN
|d 2014-11-25
|e BRAC Institute of Language (BIL)
|l 0
|o 823.914 JAM
|p 3010028630
|r 2014-11-25
|t 1
|w 2014-11-25
|y BK
|x Transferred from BIL to BRACUL on 06/06/22
|